000 00403pab a2200157 454500
008 180718b2014 xxu||||| |||| 00| 0 eng d
100 _aVeale, Sarah E. et al
245 _aPractical approaches for implementing successful collaborative groups
260 _c2014
300 _ap.47-50.
362 _aFall
650 _aCollaborations
773 _aPublic Manager
908 _aN
909 _a106556
999 _c106551
_d106551